Lakásépítések a szegedi járásban
Elmentve itt :
| Szerző: | |
|---|---|
| Dokumentumtípus: | Cikk |
| Megjelent: |
1979-06-23
|
| Sorozat: | Délmagyarország
69 No. 145 |
| Kulcsszavak: | Szegedi járás, Lakáspolitika lakásépítés Szegedi járás |
| Online Access: | http://dmarchiv.bibl.u-szeged.hu/85397 |
| LEADER | 00503nab a2200157 i 4500 | ||
|---|---|---|---|
| 001 | delm85397 | ||
| 005 | 20190523111728.0 | ||
| 008 | 190523s1979 hu o 0|| hun d | ||
| 040 | |a SZTE Délmagyarország Archívum |b hun | ||
| 041 | |a hun | ||
| 100 | 1 | |a Lődi Ferenc | |
| 245 | 1 | 0 | |a Lakásépítések a szegedi járásban |h [elektronikus dokumentum] / |c Lődi Ferenc |
| 260 | |c 1979-06-23 | ||
| 300 | |a 5 | ||
| 490 | 0 | |a Délmagyarország |v 69 No. 145 | |
| 695 | |a Szegedi járás, Lakáspolitika lakásépítés Szegedi járás | ||